[Event "Platja d'Aro op 9th"]
[Site "Platja d'Aro"]
[Date "2022.12.30"]
[Round "8"]
[White "Iglesias Pau, Nil"]
[Black "Compte Marti, Jordi"]
[Result "0-1"]
[WhiteElo "1489"]
[BlackElo "1261"]
[PlyCount "72"]
[EventDate "2022.12.26"]
[EventType "swiss"]
[EventRounds "9"]
[EventCountry "ESP"]
[SourceTitle "CBM 211 Extra"]
[Source "ChessBase"]
[SourceDate "2023.01.31"]
[SourceVersion "1"]
[SourceVersionDate "2023.01.31"]
[SourceQuality "1"]

1. e4 d5 2. exd5 Qxd5 3. Nc3 Qd6 4. d4 Nf6 5. Be3 a6 6. Qd2 Nc6 7. 0-0-0 Bg4 8. Be2 0-0-0 9. Bf4 Qxd4 10. Qxd4 Rxd4 11. Rxd4 Nxd4 12. h3 Bxe2 13. Ngxe2 Nxe2+ 14. Nxe2 e6 15. Nc3 Bb4 16. Bd2 Nd5 17. Nxd5 Bxd2+ 18. Kxd2 exd5 19. Re1 Kd7 20. Re3 Re8 21. Rxe8 Kxe8 22. Kd3 Ke7 23. c3 Ke6 24. Kd4 b6 25. b4 Kd6 26. f4 f6 27. f5 c5+ 28. bxc5+ bxc5+ 29. Kd3 Ke5 30. g4 g6 31. fxg6 hxg6 32. a3 g5 33. c4 d4 34. Kd2 Kf4 35. Kd3 Kg3 36. Ke4 Kxh3 0-1

[Event "Platja d'Aro op 9th"]
[Site "Platja d'Aro"]
[Date "2022.12.29"]
[Round "6"]
[White "Pereira Garcia, Josep Ramon"]
[Black "Compte Marti, Jordi"]
[Result "1-0"]
[WhiteElo "1551"]
[BlackElo "1261"]
[PlyCount "75"]
[EventDate "2022.12.26"]
[EventType "swiss"]
[EventRounds "9"]
[EventCountry "ESP"]
[SourceTitle "CBM 211 Extra"]
[Source "ChessBase"]
[SourceDate "2023.01.31"]
[SourceVersion "1"]
[SourceVersionDate "2023.01.31"]
[SourceQuality "1"]

1. e4 d5 2. exd5 Qxd5 3. Nc3 Qd6 4. d4 Nf6 5. Bd3 a6 6. Nge2 Nc6 7. Bf4 e5 8. dxe5 Nxe5 9. Qd2 Nxd3+ 10. cxd3 Qc6 11. 0-0 Bd6 12. Qe3+ Be6 13. Bxd6 Qxd6 14. Ne4 Nxe4 15. dxe4 0-0 16. Rfd1 Qb4 17. b3 Rfd8 18. Nf4 Qe7 19. Rac1 Rxd1+ 20. Rxd1 g6 21. Nxe6 Qxe6 22. f3 Qe7 23. Qd4 c6 24. e5 Re8 25. f4 h6 26. h3 g5 27. g3 Qe6 28. Kh2 f6 29. exf6 gxf4 30. gxf4 Kf7 31. Qd7+ Kxf6 32. Rd6 Re7 33. Rxe6+ Rxe6 34. Qxb7 Re2+ 35. Kg3 Rxa2 36. Qxc6+ Kf5 37. Qxh6 Ra3 38. Qf8+ 1-0

[Event "Figueres Nadal op 9th"]
[Site "Figueres"]
[Date "2020.01.04"]
[Round "6"]
[White "Compte Marti, Jordi"]
[Black "Alvarez Serra, Jordi"]
[Result "0-1"]
[WhiteElo "1414"]
[BlackElo "1882"]
[PlyCount "78"]
[EventDate "2020.01.02"]
[EventType "swiss"]
[EventRounds "8"]
[EventCountry "ESP"]
[SourceTitle "CBM 194 Extra"]
[Source "ChessBase"]
[SourceDate "2020.03.31"]
[SourceVersion "1"]
[SourceVersionDate "2020.03.31"]
[SourceQuality "1"]

1. Nf3 Nf6 2. b3 c5 3. c4 g6 4. Bb2 Bg7 5. g3 d5 6. Bg2 Nc6 7. cxd5 Qxd5 8. 0-0 Bd7 9. d3 Qd6 10. Nbd2 0-0 11. Nc4 Qc7 12. Nce5 Rad8 13. Nxd7 Nxd7 14. Bxg7 Kxg7 15. Qc2 Qd6 16. Rac1 Kg8 17. Bh3 b6 18. a3 Nde5 19. Nxe5 Nxe5 20. Rfd1 e6 21. Bg2 Rd7 22. a4 a5 23. h3 g5 24. Rd2 Rfd8 25. Rf1 Ng6 26. Be4 f5 27. Bf3 Ne5 28. Bg2 Ng6 29. Qc4 Ne5 30. Qb5 Qc7 31. f4 gxf4 32. gxf4 Ng6 33. Qc6 Qxc6 34. Bxc6 Rd4 35. e3 Rxd3 36. Rxd3 Rxd3 37. Bb5 Rxb3 38. Bc4 Rxe3 39. Kf2 Re4 0-1